| 000 | 00904nas a2200277 4500 | ||
|---|---|---|---|
| 001 | BR0810529 | ||
| 003 | BR-BrBNA | ||
| 005 | 20231205112939.0 | ||
| 007 | ta | ||
| 008 | 230509b bl.|||p| |||| 00| 00por d | ||
| 040 |
_aBR-BrBNA _bpor _cBiblioteca Nacional de Agricultura |
||
| 041 | _a(Pt) | ||
| 072 | _aP10 | ||
| 100 | 1 | _aMedeiros, V.M. de A. | |
| 100 | 1 | _aMoreira, L.F.F. | |
| 100 | 1 | _aRighetto, A.M. | |
| 245 | 1 | _aAnálise do efeito da variabilidade espacial da precipitação na modelagem do escoamento numa Bacia Experimental no Semi-arido Nordestino | |
| 650 | _aBACIA HIDROGRÁFICA | ||
| 650 | _aPRECIPITAÇÃO | ||
| 650 | _aMODELO | ||
| 650 | _aSEMI-ÁRIDO | ||
| 650 | _aNORDESTE | ||
| 773 | 0 |
_tRevista Brasileira de Recursos Hídricos (Brazil) _xISSN 1414-381X _g(Jul-Sep 2007), v. 12(3) p. 129139 _wBR0810529 |
|
| 909 |
_a202311 _bLúcia _c55 _dLúcia Elande |
||
| 942 |
_2AGRIS _n0 _cANA |
||
| 999 |
_c200958 _d200958 |
||